Introductory course on theory and practice of mechanical vibrations / (Record no. 822)
[ view plain ]
| 000 -LEADER | |
|---|---|
| fixed length control field | 00755nac a22002171u 4500 |
| 010 ## - LIBRARY OF CONGRESS CONTROL NUMBER | |
| LC control number | 84005225 |
| 020 ## - INTERNATIONAL STANDARD BOOK NUMBER | |
| International Standard Book Number | 0470200766 |
| 020 ## - INTERNATIONAL STANDARD BOOK NUMBER | |
| International Standard Book Number | 8122412157 |
| 082 00 - DEWEY DECIMAL CLASSIFICATION NUMBER | |
| Classification number | 620.3 |
| Item number | R2151 |
| 090 ## - LOCALLY ASSIGNED LC-TYPE CALL NUMBER (OCLC); LOCAL CALL NUMBER (OCLC) | |
| -- | 822 |
| -- | 822 |
| 100 ## - MAIN ENTRY--PERSONAL NAME | |
| Personal name | Rao, J. S. |
| 245 10 - TITLE STATEMENT | |
| Title | Introductory course on theory and practice of mechanical vibrations / |
| Statement of responsibility, etc | J.S. Rao & K. Gupta. |
| 250 ## - EDITION STATEMENT | |
| Edition statement | 2nd ed. |
| 260 ## - PUBLICATION, DISTRIBUTION, ETC. (IMPRINT) | |
| Place of publication, distribution, etc | New Delhi : |
| Name of publisher, distributor, etc | New Age International Pvt Ltd, |
| Date of publication, distribution, etc | 2002. |
| 300 ## - PHYSICAL DESCRIPTION | |
| Extent | 538 p. : |
| Other physical details | ill. ; |
| Dimensions | 25 cm. |
| 500 ## - GENERAL NOTE | |
| General note | Includes index. |
| 650 #0 - SUBJECT ADDED ENTRY--TOPICAL TERM | |
| Topical term or geographic name as entry element | Vibration. |
| 700 1# - ADDED ENTRY--PERSONAL NAME | |
| Personal name | Gupta, K., |
| Titles and other words associated with a name | Dr. |
| 942 ## - ADDED ENTRY ELEMENTS (KOHA) | |
| Item type | Book - Borrowing |
| Call number prefix | 620.3R2151 |
| Withdrawn status | Item status | Source of classification or shelving scheme | Damaged status | Not for loan | Vendor | Home library | Current library | Shelving location | Date acquired | Source of acquisition | Cost, normal purchase price | Total Checkouts | Total Renewals | Full call number | Barcode | Date last seen | Date last borrowed | Cost, replacement price | Koha item type |
|---|---|---|---|---|---|---|---|---|---|---|---|---|---|---|---|---|---|---|---|
| Dewey Decimal Classification | Central Library | Central Library | First floor | 31/07/2006 | 90.00 | 2 | 4 | 620.3 RAO | 000003735 | 15/07/2025 | 07/11/2013 | 112.50 | Book - Borrowing |